In Memoriam 2017: Notable Deaths - Statistics

General Stats
  • This quiz has been taken 26 times
    18 since last reset
  • The average score is 3 of 51
Answer Stats
Cause of Death Date of Death Celeb % Correct
Suicide 07/20/17 Chester Bennington
62%
Suicide 05/17/17 Chris Cornell
46%
Cardiac Arrest 10/02/17 Tom Petty
38%
Lung/Liver Cancer 05/23/17 Roger Moore
31%
Cardiac Arrest, Respiratory Failure, Sepsis, E. coli 09/27/17 Hugh Heffner
23%
Leukemia 06/09/17 Adam West
15%
Leukemia 04/12/17 Charlie Murphy
8%
Liver Failure 11/21/17 David Cassidy
8%
Type-2 Diabetes/Not Known 11/19/17 Della Reese
8%
Congestive Heart Failure 08/19/17 Dick Gregory
8%
Emphysema 09/08/17 Don Williams
8%
Alzheimer's Disease 08/08/17 Glen Campbell
8%
Cardiovascular Disease 08/20/17 Jerry Lewis
8%
Heart Attack 07/21/17 John Heard
8%
Pancreatic Cancer 01/25/17 John Hurt
8%
Hypovolemic Shock 07/15/17 Martin Landau
8%
Prostate Cancer 10/24/17 Robert Guillaume
8%
Amyotrophic Lateral Sclerosis (ALS) 07/30/17 Sam Shepard
8%
Cancer 12/28/17 Sue Grafton
8%
Hepatitis C 06/13/17 Anita Pallenberg
0%
Suicide 01/24/17 Butch Trucks
0%
Stomach/Liver Cancer 09/23/17 Charles Bradley
0%
Drug Overdose 11/09/17 Chuck Mosley
0%
Colon Cancer 11/22/17 Daisy Berkowitz
0%
Unspecified Causes 09/12/17 Edith Windsor
0%
Squamous Cell Carcinoma 04/22/17 Erin Moran
0%
Natural Causes 10/25/17 Fats Domino
0%
Lung Cancer 07/16/17 George A. Romero
0%
Pelmonary Embolism 06/09/17 Glenne Headly
0%
Brain Cancer 10/17/17 Gord Downie
0%
Liver Cancer, Hepatitis C 09/13/17 Grant Hart
0%
Liver Cancer 05/26/17 Gregg Allman
0%
Natural Causes 09/15/17 Harry Dean Stanton
0%
Brain Cancer 12/24/17 Heather Menzies-Urich
0%
Cancer 11/19/17 Jana Novotna
0%
Throat Cancer 08/24/17 Jay Thomas
0%
Natural Causes 07/31/17 Jeanne Moreau
0%
Cervical Cancer 09/12/17 Jessi Zazu
0%
Natural Causes 04/11/17 J. Geils
0%
Esophageal Cancer, Heart Disease 04/26/17 Jonathan Demme
0%
Respiratory Failure 02/26/17 Judge Wapner
0%
Drug Overdose 11/15/17 Lil Peep
0%
Dementia 11/18/17 Malcolm Young
0%
Respiratory Failure 11/19/17 Mel Tillis
0%
Heart Failure and Alcohol Addiction 07/08/17 Nelsan Ellis
0%
Cardiopulmonary Arrest, Pancreatic Cancer 05/14/17 Powers Boothe
0%
Sickle Cell Anemia/Accidental Choking 06/20/17 Prodigy
0%
Cardiovascular Disease 10/06/17 Ralphie May
0%
Natural Causes 08/26/17 Tobe Hooper
0%
Helicopter Crash 09/08/17 Troy Gentry
0%
Esophageal Cancer 09/03/17 Walter Becker
0%
No matching quizzes found
Score Distribution
Percent of People with Each Score
Percentile by Number Answered
Your Score History
You have not taken this quiz since the last reset